Statistics for What Day Is It? Speed Maths

Click here to take the quiz!

General Stats

  • This quiz has been taken 29 times
  • The average score is 5 of 10

Answer Stats

DateAnswer% Correct
March 12th71
90%
May 24th144
67%
February 1st32
67%
July 19th200
57%
June 30th181
52%
April 28th118
52%
August 19th231
43%
November 8th312
43%
September 24th267
38%
October 11th284
33%

Score Distribution

Percentile by Number Answered

Percent of People with Each Score

Your Score History

You have not taken this quiz